| Поле | Инд. | ПП | Название | Значение |
|---|---|---|---|---|
| Тип записи | a | |||
| Библиографический уровень | m | |||
| 001 | Контрольный номер | RU/LIBMSTU/371748542 | ||
| 005 | Дата корректировки | 20181218103615.9 | ||
| 008 | Кодируемые данные | 111013|||||||||ru |||||||||||000|||rus|| | ||
| 020 | a | ISBN | 978-5-94691-407-9 | |
| c | Цена, тираж | 200-00 | ||
| 040 | b | Код языка каталог. | rus | |
| 041 | 0_ | a | Код языка текста | rus |
| 084 | a | Индекс другой классификации/Индекс ББК | 65.305.14+66.4(2Рос)+65.5 | |
| 090 | a | Полочн. индекс | 65.30 | |
| x | Авторский знак | Я 40 | ||
| 100 | 1_ | a | Автор | Язев В. А. |
| 245 | 10 | a | Заглавие | Россия и международное энергетическое сотрудничество в XXI веке. 2006-2011 гг. |
| 260 | a | Место издания | Москва | |
| b | Издательство | Граница | ||
| c | Дата издания | 2011 | ||
| 300 | a | Объем | 399 с. | |
| b | Иллюстрации/ тип воспроизводства | [16] л. цв. фото | ||
| 650 | 04 | a | Основная рубрика | Топливно-энергетический комплекс-Российская Федерация |
| 651 | _4 | a | Географическое наименование | Россия |
| 651 | _4 | a | Географическое наименование | Европа |
| 653 | 0_ | a | Ключевые слова | Газовый рынок |
| a | Ключевые слова | Европейский Союз | ||
| a | Ключевые слова | Международное энергетическое сотрудничество | ||
| a | Ключевые слова | Стратегическое партнерство России | ||
| a | Ключевые слова | Топливно-энергетический комплекс | ||
| a | Ключевые слова | Энергетическая безопасность | ||
| 901 | t | Тип документа | m |